Blink-182 - Dude Ranch Songs - Statistics

General Stats
  • This quiz has been taken 71 times
  • The average score is 11 of 15
Answer Stats
Listens Song % Correct
271,205,500 Dammit
97%
14,617,734 Apple Shampoo
89%
32,840,777 Josie
89%
16,732,399 Pathetic
87%
8,152,149 Voyeur
82%
10,143,786 Dick Lips
79%
6,775,508 Boring
74%
6,116,833 Emo
74%
8,964,072 Untitled
74%
6,174,137 A New Hope
71%
2,391,524 I'm Sorry
68%
4,593,528 Lemmings
68%
10,143,786 Waggy
68%
5,043,029 Degenerate
63%
8,976,451 Enthused
61%
No matching quizzes found
Score Distribution
Percent of People with Each Score
Percentile by Number Answered
Your Score History
You have not taken this quiz